000 00715nam a22002297a 4500
001 BR8403490
003 BR-BrBNA
005 20230928091947.0
007 ta
008 230509b bl.||||| |||| 00| 0 por d
040 _aBR-BrBNA
_bpor
_cBiblioteca Nacional de Agricultura
041 _a(Por)
072 _aD10
_b/G514
090 _ D10 BR8403490
110 1 _aMinisterio da Agricultura, Brasilia, DF (Brasil). Secretaria de Programacao Orcamentaria e Financeira
_96831
245 1 _aManual de convenios e ajustes [Ministerio da Agricultura, Brasil]
260 3 _aBrasilia, DF (Brasil):
_c1984.
300 _a127 p.
650 _aADMINISTRACAO PUBLICA
909 _a202309
_bLucia
_c55
_dLucia Elande
942 _cBK
999 _c36422
_d36422